| 000 | 00528nam a22001817a 4500 | ||
|---|---|---|---|
| 999 |
_c195081 _d195081 |
||
| 005 | 20230216143317.0 | ||
| 010 | _aENG-136219 | ||
| 020 |
_a9788123778471 _c260.00 |
||
| 035 | _aEN-119751 | ||
| 037 | _bDBAD/PUB | ||
| 082 | _a881 | ||
| 100 | _aBano, Jeelani | ||
| 245 |
_aAiwan-e-ghazal/ _cby Jeelani bano |
||
| 260 |
_avasant Kunj _bNational Book Trust _c2016 |
||
| 270 |
_aNehru Bhawan,5 institutional Area,Phase-ll _bdelhi _e110070 |
||
| 300 |
_a359p. _bGlossary _c22cm(pbk) |
||
| 942 |
_2ddc _cEN _h881 _mBAN |
||